Tributo a Hostos (Textos en su memoria) (Record no. 7633)

MARC details
000 -LEADER
campo de control de longitud fija 00418nam a2200145Ia 4500
001 - NÚMERO DE CONTROL
campo de control 3985
008 - DATOS DE LONGITUD FIJA--INFORMACIÓN GENERAL
campo de control de longitud fija 241024s9999 xx 000 0 und d
020 ## - NÚMERO INTERNACIONAL ESTÁNDAR DEL LIBRO
Número Internacional Estándar del Libro 978-9945-462-75-3
082 ## - NÚMERO DE LA CLASIFICACIÓN DECIMAL DEWEY
Número de clasificación RD/923.97293/C697t/2014
100 ## - ENTRADA PRINCIPAL--NOMBRE DE PERSONA
Nombre de persona Miguel Collado
245 #0 - MENCIÓN DEL TÍTULO
Título Tributo a Hostos (Textos en su memoria)
260 ## - PUBLICACIÓN, DISTRIBUCIÓN, ETC.
Nombre del editor, distribuidor, etc. Publicaciones de la Comisión de Efemérides Patris
Fecha de publicación, distribución, etc. 2014
901 ## - ELEMENTOS DE DATOS A LOCAL LDA (RLIN)
a 30/4/2015 1:33:50 a.m.

No items available.

© 2024. Todos los Derechos Reservados. Desarrollado por IDEICE